01449nam a22003497a 4500003000500000005001700005008004100022010001000063011001000073035001000083040000900093090001000102100004300112245013400155260004000289300001100329502008500340590003700425590004100462590004100503590004100544590004200585650004200627650004600669901000700715942000900722949004300731949004800774999001700822952013200839952012800971CHAP20220329135616.0971013s1995 r 00010 d a39254 a40226 a44351 cCHAP aTesis00aHernández García, Cutberto.954043 aDeterminación de un método de tratamiento para las aguas residuales del ingenio Emiliano Zapata ubicado en Zacatepec, Morelos aChapingo, Méx. :bEl autor,c1995 a194 h. aTesis (Ing. Agroindustrial) -- UACH. Departamento de Ingeniería Agroindustrial aALEPHb10c20130110lUCH01h1307 aBATCH-UPDb10c20130110lUCH01h2043 aBATCH-UPDb10c20130410lUCH01h1357 aBATCH-UPDb10c20130914lUCH01h1641 aCONVERSIONb10c20130109lUCH01h132214aAguas residualesxPurificacion.9258814aIngenio Azucarero Emiliano Zapata.958285 aBK cFOLL bBCcTESd-101622eTS1h27597i44351si bBCcTESd-101624eTS2fc.2h27598i44351si c39254d39254 00102local4053708TESISaBCbBCcPA_TESISd2019-12-31fFOLLl0oTesisp-101624r2019-12-31 00:00:00tc.2w2019-12-31yTESIS 00102local4051708TESISaBCbBCcPA_TESISd2019-12-31fTESISl0oTesisp-101622r2019-12-31 00:00:00w2019-12-31yTESIS